Geboren in Luzern - Statistiken

Allgemein
  • Dieses Quiz wurde 18 mal gespielt
    3 seit der letzten Aktualisierung
  • Das Durchschnittsergebnis liegt bei 3 aus 9
Antwortstatistiken
Hinweis Antwort % Korrekt
Fußballtrainer von Borussia Mönchengladbach (zuvor Leverkusen, Bern und Luzern) 1978 Gerardo Seoane
100%
ehemaliger Nordischer Kombinierer und Olympischer Goldmedaillengewinner 1965 Hippolyt Kempf
67%
kosovarische Rapperin, "Kein Wort" "Kein Plan" 1995 Loredana
67%
ehemalige Kunstturnerin, Europameisterin und Vizeweltmeisterin im Sprung 1987 Ariella Kaeslin
33%
ehemaliger Fußballspieler, absolvierte 350 Spiele für den FC Luzern 1987 Claudio Lustenberger
33%
Wrestler, trat unter dem Ringnamen Cesaro bei der WWE an 1980 Claudio Castagnoli
0%
Sängerin und Mitglied der Girlgroup Katseye 2002 Manon Bannerman
0%
Schriftsteller und Teil der Gruppe 47, bekannt für seine Kurzgeschichten wie "Der Milchmann" oder "San Salvador" 1935 Peter Bichsel
0%
Generalsekretär der OSZE von 2017 bis 2020 und seit 2021 Direktor des Genfer Zentrums für Sicherheitspolitik 1961 Thomas Greminger
0%
Keine übereinstimmenden Quizze gefunden
Verteilung der Resultate
Anzahl Personen mit jedem Resultat
Perzentil nach korrekt beantworteten Fragen
Ihre Resultats-Entwicklung
Sie haben dieses Quiz seit der letzten Aktualisierung nicht gespielt